000 00564nmm a2200193Ia 4500
008 251105s9999||||xx |||||||||||||||||und||
020 _a9788417128012
041 _aspa
100 _aMoya Valle, Antonio-Prometeo
245 0 _aDarien :
_b El Imperio de sal
264 _a[Madrid, España] :
_bDuomo ediciones,
_c2019
300 _a368 páginas
490 _aDuomo bolsillo
650 _aHistorical fiction
700 _aMoya Valle, Antonio-Prometeo
700 1 _a Iggulden, C. F.
856 _uhttps://public.digitaliapublishing.com/a/68058
942 _cCF
999 _c69146
_d69146